| 000 | 01493naa a22003977a 4500 | ||
|---|---|---|---|
| 001 | BR7310733 | ||
| 003 | BR-BrBNA | ||
| 005 | 20240918173523.0 | ||
| 007 | ta | ||
| 008 | 230509b bl.||||| |||| 00| 0 por d | ||
| 040 |
_aBR-BrBNA _bpor _cBiblioteca Nacional de Agricultura |
||
| 041 | _a(Pt) | ||
| 072 |
_aH20 _b2120 _b3875 _b4120 _b3530 _bG514 |
||
| 090 | _aH20 BR7310733 | ||
| 100 | 1 | _aPaulino, A.J. | |
| 100 | 1 | _aAndrade, I.P.R. | |
| 100 | 1 | _aMatiello, J.B. | |
| 100 | 1 | _aAbreu, R.G. | |
| 100 | 1 | _aMansk, Z. | |
| 111 | 1 |
_a1. Congresso Brasileiro sobre Pragas e Doencas do Cafeeiro _cVitoria, ES (Brazil) _d4 Jul 1973 |
|
| 245 | 1 | _aEfeito de diversos fungicidas no controle da cercosporiose em mudas de cafe [mancha de olho pardo, Espirito Santo, Minas Gerais, Brasil] | |
| 260 | 3 |
_aRio de Janeiro, GB (Brasil): _c1973. |
|
| 500 | _aResumos dos trabalhos apresentados no 1. Congresso Brasileiro sobre Pragas e Doencas do Cafeeiro Rio de Janeiro, GB (Brasil): 1973. p. 84-86 (BR7310733-AM)H20 | ||
| 650 | _aCAFE | ||
| 650 | _aFUNGO | ||
| 650 | _aMANCHA DE OLHO PARDO | ||
| 650 | _aFUNGICIDA | ||
| 650 | _aCONTROLE QUIMICO | ||
| 650 | _aCERCOSPORIOSE | ||
| 650 | _aMUDA | ||
| 650 | _aESPIRITO SANTO | ||
| 650 | _aMINAS GERAIS | ||
| 773 | 0 |
_tResumos dos trabalhos apresentados no 1. Congresso Brasileiro sobre Pragas e Doencas do Cafeeiro _wH20 BR7310733 _gRio de Janeiro, GB (Brasil), 1973. p. 84-86 |
|
| 909 |
_a202404 _bLucia _c55 _dLucia Elande |
||
| 942 |
_cAM _2AGRIS |
||
| 999 |
_c305144 _d305144 |
||